[Event "Copenhagen Spring Amager E"]
[Site "Copenhagen"]
[Date "2023.04.25"]
[Round "4"]
[White "Andersen, Peter"]
[Black "Borg, Theis"]
[Result "1/2-1/2"]
[WhiteElo "1508"]
[BlackElo "1481"]
[PlyCount "125"]
[EventDate "2023.04.25"]
[EventType "tourn"]
[EventRounds "5"]
[EventCountry "DEN"]
[SourceTitle "EXT 2025"]
[Source "ChessBase"]
[SourceDate "2024.10.14"]
[SourceVersion "1"]
[SourceVersionDate "2024.10.14"]
[SourceQuality "1"]

1. d4 b6 2. c4 e6 3. Nc3 Nf6 4. e4 Bb4 5. Bd3 Bb7 6. d5 exd5 7. cxd5 Qe7 8. f3 c6 9. dxc6 Nxc6 10. Nge2 d5 11. exd5 Nxd5 12. Bd2 Ne3 13. Bxe3 Qxe3 14. Qd2 Qd4 15. 0-0-0 0-0 16. a3 Bxc3 17. Nxc3 Rad8 18. Qe2 Qc5 19. Kb1 Rfe8 20. Ne4 Qf8 21. Qf2 Ne5 22. Bc2 f5 23. Ng3 g6 24. Rhe1 Qf6 25. Qf1 Bd5 26. Rxd5 Rxd5 27. Bb3 Red8 28. Bxd5+ Rxd5 29. Rd1 Qd6 30. Rxd5 Qxd5 31. Kc2 Qc5+ 32. Kb1 b5 33. Qc1 Qd4 34. Qe1 Qd3+ 35. Ka1 Qd5 36. Ne2 Nc4 37. Nc3 Qc5 38. Kb1 Kf7 39. Kc2 Ne3+ 40. Kd2 Nxg2 41. Qe2 Qd4+ 42. Kc2 Ne3+ 43. Kc1 a6 44. Qf2 f4 45. Kb1 b4 46. axb4 Qxb4 47. Qd2 g5 48. Qd7+ Qe7 49. Qd3 Kg7 50. Qxa6 Qf6 51. Qe2 h5 52. Ne4 Qf5 53. Qd2 g4 54. Qd4+ Kh6 55. Qd6+ Kh7 56. Qe7+ Kh6 57. Qd6+ Kg7 58. Qe7+ Qf7 59. Qe5+ Kf8 60. Qb8+ Kg7 61. Qe5+ Kg6 62. Qd6+ Kg7 63. Qe5+ 1/2-1/2

[Event "Copenhagen Spring Amager E"]
[Site "Copenhagen"]
[Date "2023.04.25"]
[Round "1"]
[White "Madsen, Zean"]
[Black "Andersen, Peter"]
[Result "1/2-1/2"]
[WhiteElo "1608"]
[BlackElo "1508"]
[PlyCount "104"]
[EventDate "2023.04.25"]
[EventType "tourn"]
[EventRounds "5"]
[EventCountry "DEN"]
[SourceTitle "EXT 2025"]
[Source "ChessBase"]
[SourceDate "2024.10.14"]
[SourceVersion "1"]
[SourceVersionDate "2024.10.14"]
[SourceQuality "1"]

1. c4 Nf6 2. Nc3 e6 3. g3 c6 4. Bg2 d5 5. cxd5 exd5 6. d4 Bb4 7. Nf3 0-0 8. Bg5 h6 9. Bxf6 Qxf6 10. 0-0 Bf5 11. Qb3 Qe7 12. Ne5 Nd7 13. e4 dxe4 14. Nxe4 Be6 15. Qc2 Nxe5 16. dxe5 Bf5 17. a3 Bxe4 18. Qxe4 Bc5 19. Bh3 Rfe8 20. Rfe1 Rad8 21. Kh1 Bxf2 22. Rf1 Bb6 23. e6 fxe6 24. Rad1 Rxd1 25. Rxd1 e5 26. Qg6 Qf7 27. Qg4 Rf8 28. Rd7 Qf3+ 29. Qxf3 Rxf3 30. Rxb7 Rf2 31. Re7 Bd4 32. b3 Rb2 33. Bf1 Kf8 34. Rb7 e4 35. Bc4 e3 36. Rf7+ Ke8 37. Rf1 Rf2 38. Rxf2 exf2 39. Kg2 Ke7 40. Kf3 Kd6 41. Ke4 c5 42. Kf5 a5 43. a4 h5 44. Kg6 Ke5 45. Kxh5 Ke4 46. Kh4 Ke3 47. Kh3 Kd2 48. Kg2 g5 49. h4 gxh4 50. gxh4 Bf6 51. h5 Ke1 52. h6 Bd4 1/2-1/2

[Event "Copenhagen Spring Amager D"]
[Site "Copenhagen"]
[Date "2016.04.26"]
[Round "1"]
[White "Rasmussen, Erik Elmer"]
[Black "Andersen, Peter"]
[Result "1-0"]
[WhiteElo "1103"]
[BlackElo "1406"]
[PlyCount "81"]
[EventDate "2016.04.26"]
[EventType "tourn"]
[EventRounds "5"]
[EventCountry "DEN"]
[SourceTitle "EXT 2025"]
[Source "ChessBase"]
[SourceDate "2024.10.14"]
[SourceVersion "1"]
[SourceVersionDate "2024.10.14"]
[SourceQuality "1"]

1. c4 Nf6 2. Nc3 g6 3. g3 Bg7 4. Bg2 0-0 5. Nf3 d6 6. 0-0 e5 7. d3 Nc6 8. Bd2 Bd7 9. Rb1 a5 10. a3 Rb8 11. b4 axb4 12. axb4 Ne7 13. Qc1 c6 14. Bh6 Nf5 15. Bxg7 Kxg7 16. b5 c5 17. Ng5 h6 18. Nge4 Nxe4 19. Bxe4 Nd4 20. e3 f5 21. Bg2 Ne6 22. Ne2 g5 23. f4 g4 24. Qc3 Qf6 25. Ra1 b6 26. Ra7 Rf7 27. Rfa1 Bc8 28. Ra8 Rxa8 29. Rxa8 Bb7 30. Rb8 Bxg2 31. Kxg2 Nd8 32. Rxb6 Rb7 33. fxe5 Qxe5 34. Qxe5+ dxe5 35. Rd6 Rb8 36. Rd5 Kf6 37. Rxc5 Ne6 38. Rc6 Rd8 39. d4 exd4 40. exd4 Ke7 41. d5 1-0

[Event "Amager Aabne CC-ch"]
[Site "Sundbyoster"]
[Date "2016.02.21"]
[Round "3"]
[White "Petersen, Christian"]
[Black "Andersen, Peter"]
[Result "1-0"]
[WhiteElo "1652"]
[BlackElo "1596"]
[PlyCount "81"]
[EventDate "2016.01.19"]
[EventType "swiss"]
[EventRounds "7"]
[EventCountry "DEN"]
[SourceTitle "EXT 2025"]
[Source "ChessBase"]
[SourceDate "2024.10.14"]
[SourceVersion "1"]
[SourceVersionDate "2024.10.14"]
[SourceQuality "1"]

1. e4 d6 2. d4 g6 3. f4 Nf6 4. Nc3 Bg7 5. Nf3 0-0 6. Be3 c6 7. h3 Nbd7 8. Qd2 Qc7 9. g4 a5 10. a4 e6 11. Bd3 d5 12. e5 Ne8 13. f5 exf5 14. gxf5 gxf5 15. Bxf5 Nb6 16. Bd3 Nc4 17. Bxc4 dxc4 18. 0-0-0 Kh8 19. Rdg1 Rg8 20. h4 h5 21. Bh6 Bg4 22. Nh2 Qd7 23. Nxg4 hxg4 24. Qg5 Kh7 25. Bxg7 Rxg7 26. Qf4 Rd8 27. Rd1 Qe6 28. Ne4 Qg6 29. Ng5+ Kg8 30. Qxg4 Nc7 31. Qf3 Qh6 32. Kb1 Nd5 33. c3 Qg6+ 34. Ka2 Qc2 35. Rdf1 Qg6 36. Ne4 Rd7 37. Nf6+ Nxf6 38. exf6 Rh7 39. Rfg1 Qxg1 40. Rxg1+ Kf8 41. Qf5 1-0

[Event "Amager-ch C"]
[Site "Amager"]
[Date "2014.10.21"]
[Round "7"]
[White "Andersen, Peter"]
[Black "Gade, Jens"]
[Result "0-1"]
[WhiteElo "1377"]
[BlackElo "1327"]
[PlyCount "52"]
[EventDate "2014.08.19"]
[EventType "tourn"]
[EventRounds "7"]
[EventCountry "DEN"]
[SourceTitle "EXT 2023"]
[Source "ChessBase"]
[SourceDate "2022.10.05"]
[SourceVersion "1"]
[SourceVersionDate "2022.10.05"]
[SourceQuality "1"]

1. d4 Nf6 2. c4 d5 3. Bf4 e6 4. e3 c5 5. cxd5 Nxd5 6. Bg3 cxd4 7. exd4 Bb4+ 8. Nd2 0-0 9. a3 Bd6 10. Bxd6 Qxd6 11. Ngf3 Bd7 12. Be2 Nc6 13. Nc4 Qe7 14. 0-0 Nf4 15. Re1 Nxe2+ 16. Qxe2 Qf6 17. Nce5 Nxe5 18. dxe5 Qg6 19. Nd4 Rfd8 20. Red1 h6 21. Rac1 Rac8 22. f4 Ba4 23. b3 Rxc1 24. Rxc1 Rxd4 25. bxa4 Rxf4 26. Qb5 Qe4 0-1

[Event "Amager-ch B"]
[Site "Amager"]
[Date "2013.10.01"]
[Round "6"]
[White "Larsen, Ulrik Jejlskov"]
[Black "Andersen, Peter"]
[Result "1-0"]
[WhiteElo "1382"]
[BlackElo "1361"]
[PlyCount "57"]
[EventDate "2013.08.20"]
[EventType "swiss"]
[EventRounds "9"]
[EventCountry "DEN"]
[SourceTitle "EXT 2023"]
[Source "ChessBase"]
[SourceDate "2022.10.05"]
[SourceVersion "1"]
[SourceVersionDate "2022.10.05"]
[SourceQuality "1"]

1. d4 Nf6 2. Nf3 g6 3. c4 Bg7 4. Nc3 0-0 5. e4 d6 6. Bg5 Nbd7 7. Qd2 e5 8. d5 a5 9. Be2 Nc5 10. Qe3 Ng4 11. Qd2 f6 12. Bh4 Bd7 13. h3 Nh6 14. 0-0 Qc8 15. Ne1 Nf7 16. Nd3 Nxd3 17. Qxd3 f5 18. exf5 gxf5 19. Qg3 f4 20. Qf3 Nh6 21. Bd3 Bf5 22. Ne4 Qe8 23. Kh2 Kh8 24. Rg1 Rg8 25. Nf6 Bxf6 26. Bxf6+ Rg7 27. g4 Bxd3 28. Qxd3 e4 29. Qd4 1-0

[Event "Hallstahammar op"]
[Site "Hallstahammar"]
[Date "2003.09.13"]
[Round "5"]
[White "Andersen, Peter"]
[Black "Lundback, Anders"]
[Result "0-1"]
[WhiteElo "1468"]
[BlackElo "1681"]
[PlyCount "98"]
[EventDate "2003.09.12"]
[EventType "swiss"]
[EventRounds "7"]
[EventCountry "SWE"]
[SourceTitle "CBM 096 Extra"]
[Source "ChessBase"]
[SourceDate "2003.10.22"]
[SourceVersion "2"]
[SourceVersionDate "2003.10.20"]
[SourceQuality "1"]

1. e4 e6 2. Nf3 d5 3. exd5 exd5 4. d4 Nf6 5. Nc3 Bb4 6. Be2 Ne4 7. Bd2 Nxc3 8. Bxc3 Bxc3+ 9. bxc3 Bf5 10. Rb1 b6 11. 0-0 0-0 12. Ne5 Nd7 13. Nc6 Qg5 14. Bf3 Be4 15. Re1 Nf6 16. Ne5 c5 17. Rb5 Qf5 18. Rb2 c4 19. Nc6 Rae8 20. Ne5 Bxf3 21. Qxf3 Qxf3 22. gxf3 Re6 23. Re3 Nh5 24. Kf1 Nf4 25. Ng4 Rfe8 26. Rb1 f6 27. Rbe1 Kf7 28. h4 Ng6 29. Rxe6 Rxe6 30. Ne3 Nxh4 31. Nxd5 Nxf3 32. Rd1 g5 33. Nb4 h5 34. d5 Rd6 35. Nc6 a6 36. Nb8 b5 37. Nc6 h4 38. Kg2 g4 39. Na5 h3+ 40. Kg3 f5 41. Nb7 Rd7 42. Nc5 Rd6 43. Nb7 Rd7 44. Nc5 Rd8 45. d6 Kf6 46. Nxa6 Kg5 47. Rd5 Rxd6 48. Rxf5+ Kxf5 49. Nc5 Rd1 0-1